[Event "Challenge"]
[Site "http://www.queenalice.com/game.php?id=112764"]
[Date "2006.10.3"]
[Round "-"]
[White "Philippe"]
[Black "dropdead"]
[Result "1-0"]
[WhiteElo "1574"]
[BlackElo "1398"]

1. e4 e5 2. Nh3 Qh4 3. d3 Bc5 4. Qf3 Nf6 5. g3 Qh6 6. Bxh6 gxh6 7. Nc3 h5 8. Ng5
d6 9. Qxf6 Rf8 10. Nd5 Nc6 11. d4 Bd7 12. Bb5 h6 13. Bxc6 bxc6 14. Qe7# 1-0

[Event "Challenge"]
[Site "http://www.queenalice.com/game.php?id=112770"]
[Date "2006.10.3"]
[Round "-"]
[White "Philippe"]
[Black "cesarlm"]
[Result "0-1"]
[WhiteElo "1602"]
[BlackElo "2024"]

1. e4 c5 2. Nf3 d6 3. c3 Nf6 4. Qb3 Nc6 5. Ng5 e6 6. c4 d5 7. e5 Nxe5 8. a4 Nxc4
9. a5 Nxa5 10. Qc3 Nc6 11. Ra4 Bd6 12. Na3 Bd7 13. Nb5 Be7 14. Bd3 a6 15. Qa3
Nb4 16. Bb1 Bxb5 17. Ra5 b6 18. Rxb5 axb5 19. Qh3 Ra1 20. Bxh7 Rxc1+ 21. Ke2
Rxh1 22. g4 Qd6 23. Qg2 Rxh2 24. Qf3 Qe5+ 25. Kf1 Qxg5 0-1

[Event "AUTO-OPEN-408"]
[Site "http://www.queenalice.com/game.php?id=112819"]
[Date "2006.10.4"]
[Round "1"]
[White "leoperrone"]
[Black "Philippe"]
[Result "0-1"]
[WhiteElo "1160"]
[BlackElo "1588"]

1. c4 e5 2. b3 Nh6 3. e4 Bc5 4. Qh5 Qf6 5. d4 Bxd4 6. Qe2 Ng4 7. Qd3 Nxf2 8. Be3
Nxd3+ 9. Bxd3 Bxe3 10. Nf3 Bd4 11. g4 Qxf3 12. Na3 Qxh1+ 13. Kd2 Qxa1 14. Nb5 h5
15. Nxc7+ Kd8 16. Nxa8 hxg4 17. c5 Rxh2+ 18. Be2 Qc3+ 19. Kd1 Qe3 20. Kc2 Rxe2+
21. Kd1 Qd2# 0-1

[Event "AUTO-OPEN-408"]
[Site "http://www.queenalice.com/game.php?id=112820"]
[Date "2006.10.4"]
[Round "1"]
[White "Philippe"]
[Black "fcgar"]
[Result "0-1"]
[WhiteElo "1469"]
[BlackElo "1949"]

1. e4 c5 2. c3 Nf6 3. Nf3 Nxe4 4. Qb3 d5 5. c4 e6 6. Nc3 Nf6 7. d3 Nc6 8. h4 d4
9. Na4 Bd6 10. h5 e5 11. Bg5 Qe7 12. Qa3 Nb4 13. Nb6 Nc2+ 14. Kd1 Nxa3 15. h6
axb6 16. bxa3 g6 17. Rb1 Bc7 18. Nxe5 Qxe5 19. Bh4 O-O 20. Be2 Re8 21. Rh3 Qxe2+
22. Kc1 Qe1+ 23. Kc2 Qc3+ 0-1

[Event "AUTO-OPEN-408"]
[Site "http://www.queenalice.com/game.php?id=112821"]
[Date "2006.10.4"]
[Round "1"]
[White "fcgar"]
[Black "Philippe"]
[Result "1-0"]
[WhiteElo "1937"]
[BlackElo "1522"]

1. c4 c6 2. Nc3 Nf6 3. g3 Qb6 4. Bg2 Ng4 5. e3 Na6 6. Qxg4 c5 7. a3 Qb3 8. d3 h5
9. Qd1 Qb6 10. Nd5 Qa5+ 11. Bd2 Qc7 12. Nxc7+ Nxc7 13. Nf3 Rh6 14. O-O e6 15. d4
b6 16. Ne5 Bd6 17. Bxa8 Nxa8 18. e4 cxd4 19. Bxh6 gxh6 20. Qxh5 Bxe5 21. Qxe5 d3
22. Qb8 1-0

[Event "AUTO-OPEN-408"]
[Site "http://www.queenalice.com/game.php?id=112822"]
[Date "2006.10.4"]
[Round "1"]
[White "Philippe"]
[Black "lsdr"]
[Result "0-1"]
[WhiteElo "1489"]
[BlackElo "1456"]

1. e4 Nf6 2. Nh3 e5 3. c3 Nxe4 4. Qb3 Qh4 5. d3 Nc5 6. Ng5 d5 7. Qxd5 Ne6 8. Nf3
c6 9. Qxe5 Nd7 10. Qf5 g6 11. Qa5 b6 12. Qa4 Qh5 13. g4 b5 14. Qe4 Nc5 15. gxh5
Nxe4 16. dxe4 f5 17. hxg6 hxg6 18. exf5 gxf5 19. Rg1 Bd6 20. c4 Nf4 21. Bxf4
Bxf4 22. Nc3 Kf7 23. Rd1 Re8+ 24. Ne2 Ba6 25. Nd4 Rad8 26. Rd3 Bxh2 27. Re3 f4
28. Rh3 Bxg1 29. Nxc6 Rd6 30. Nxa7 bxc4 31. Bg2 c3 32. Rh7+ Kg6 33. Rc7 Rxe2+
0-1

[Event "AUTO-OPEN-408"]
[Site "http://www.queenalice.com/game.php?id=112823"]
[Date "2006.10.4"]
[Round "1"]
[White "lsdr"]
[Black "Philippe"]
[Result "0-1"]
[WhiteElo "1458"]
[BlackElo "1536"]

1. e4 e5 2. Qf3 Bc5 3. Bc4 Nf6 4. Nh3 Qe7 5. d4 Bxd4 6. c3 Bb6 7. b4 h5 8. Ba3
Ng4 9. b5 Qf6 10. Nf4 exf4 11. O-O d6 12. h3 Qh6 13. h4 g5 14. e5 gxh4 15. Re1
Kd8 16. exd6 cxd6 17. Qd5 Bxf2+ 18. Kf1 Be6 19. Qxb7 Bxc4+ 20. Re2 Bxe2+ 21.
Kxe2 Re8+ 22. Kd2 Qe6 23. Kc2 Qc4 24. Qxa8 Re2+ 25. Kc1 Qd3 26. Qxb8+ Kd7 27.
Qb7+ Ke6 28. Qc8+ Kf6 29. Qd8+ Kg7 30. Qg5+ Kf8 31. Qh6+ Nxh6 32. Nd2 Qxd2+ 33.
Kb1 Qc2# 0-1

[Event "Challenge"]
[Site "http://www.queenalice.com/game.php?id=112871"]
[Date "2006.10.4"]
[Round "-"]
[White "Philippe"]
[Black "Pampuche"]
[Result "0-1"]
[WhiteElo "1555"]
[BlackElo "1351"]

1. e4 Nf6 2. Nh3 g6 3. Bc4 Bg7 4. Qf3 O-O 5. Ng5 d6 6. g4 c6 7. Qh3 b5 8. b3
bxc4 9. Bb2 Bxg4 10. Qh4 Nbd7 11. Rg1 Bh5 12. f4 e5 13. fxe5 Nxe5 14. Rf1 Neg4
15. Rg1 h6 16. Nf3 Re8 17. Nd4 Rxe4+ 18. Ne2 d5 19. Rf1 Qc7 20. Nc3 Re5 21. Rf4
Qe7 22. d4 Re3 23. Kf1 g5 24. Qe1 gxf4 25. h3 Nh2+ 26. Kg1 Rxh3 27. Qf1 Nxf1 28.
Rxf1 f3 29. Nf4 Bg6 30. Nxh3 Ng4 31. Rxf3 Bxd4+ 32. Kf1 Bxc2 33. Rf4 Bd3+ 34.
Kg2 Ne3+ 35. Kh2 Ng4+ 36. Rxg4+ Kh7 37. Rxd4 Bf5 38. Nf4 Qh4+ 39. Kg2 Re8 40.
Kf3 Bg4+ 41. Kg2 Qh3+ 42. Kg1 Re1+ 43. Kf2 Rf1# 0-1

[Event "Let's Play Chess!"]
[Site "http://www.queenalice.com/game.php?id=113191"]
[Date "2006.10.5"]
[Round "-"]
[White "Indira"]
[Black "Philippe"]
[Result "1-0"]
[WhiteElo "1691"]
[BlackElo "1559"]

1. e4 e5 2. Nf3 c6 3. a3 Nf6 4. Nc3 Qb6 5. Nxe5 d6 6. Nf3 Ng4 7. d4 c5 8. h3
cxd4 9. Nxd4 Qxd4 10. Qxd4 h5 11. hxg4 Bxg4 12. Bb5+ Nc6 13. Bf4 a6 14. Bxc6+
bxc6 15. Bxd6 Rd8 16. Qe5+ Kd7 17. Bxf8 Rhxf8 18. Na4 Rfe8 19. Nb6# 1-0

[Event "AUTO-ADV-265"]
[Site "http://www.queenalice.com/game.php?id=113291"]
[Date "2006.10.5"]
[Round "1"]
[White "Philippe"]
[Black "neijrodrigues"]
[Result "0-1"]
[WhiteElo "1719"]
[BlackElo "1859"]

1. e4 c5 2. Nh3 d6 3. g4 h5 4. gxh5 Nf6 5. Rg1 Rxh5 6. c3 Bxh3 7. Bxh3 Rxh3 8.
Qb3 Qd7 9. Na3 Nxe4 10. Nb5 a6 11. Na3 Nc6 12. Nc4 Qe6 13. f3 Nxc3+ 14. Kf1 Qe2#
0-1

[Event "AUTO-ADV-265"]
[Site "http://www.queenalice.com/game.php?id=113304"]
[Date "2006.10.5"]
[Round "1"]
[White "andreavb"]
[Black "Philippe"]
[Result "1-0"]
[WhiteElo "1867"]
[BlackElo "1602"]

1. e4 c6 2. d4 e5 3. dxe5 f6 4. exf6 Nxf6 5. Bd3 Qb6 6. Nf3 Ng4 7. Qe2 Bc5 8.
O-O Qd8 9. Ng5 Qc7 10. Qxg4 Qe5 11. Nc3 Bd6 12. f4 h5 13. fxe5 hxg4 14. exd6 a5
15. e5 c5 16. Bg6+ Kd8 17. Nd5 a4 18. Nf7+ Ke8 19. Nxh8+ Kd8 20. Rf8# 1-0

[Event "AUTO-ADV-265"]
[Site "http://www.queenalice.com/game.php?id=113305"]
[Date "2006.10.5"]
[Round "1"]
[White "Philippe"]
[Black "andreavb"]
[Result "0-1"]
[WhiteElo "1522"]
[BlackElo "1854"]

1. e4 e5 2. Bc4 d6 3. a4 Nd7 4. Qf3 Qf6 5. g4 Qxf3 6. Nxf3 Nb6 7. d3 Bxg4 8. Ng5
Bh5 9. Rf1 Nxc4 10. dxc4 Nf6 11. f4 exf4 12. Rxf4 h6 13. Nf3 Bxf3 14. Rxf3 Nxe4
15. Raa3 O-O-O 16. Rxf7 d5 17. Bf4 Bd6 18. Rf3 dxc4 19. Bxd6 Nxd6 20. Re7 Rhe8
21. Rfe3 Rxe7 22. Rxe7 Re8 23. Rxe8+ Nxe8 24. Na3 Nd6 25. Nb5 Nxb5 26. axb5 Kd7
27. Kf2 Ke6 28. Kg3 Ke5 29. Kg4 g6 30. c3 Ke4 31. h4 b6 32. b4 cxb3 33. Kg3 b2
34. Kf2 b1=Q 35. c4 Qd3 36. Kg2 Kf4 37. Kg1 Kg3 38. h5 Qd1# 0-1

[Event "AUTO-ADV-265"]
[Site "http://www.queenalice.com/game.php?id=113314"]
[Date "2006.10.5"]
[Round "1"]
[White "Philippe"]
[Black "erickeek"]
[Result "0-1"]
[WhiteElo "1467"]
[BlackElo "1895"]

1. e4 d5 2. Nf3 dxe4 3. Ng5 Nf6 4. c3 Nc6 5. Qb3 e6 6. h4 h6 7. Nh3 Bd6 8. f3
exf3 9. gxf3 e5 10. Rg1 Nh5 11. Bc4 Qxh4+ 12. Nf2 Qf4 13. Qb5 a6 14. Qd5 Be6 15.
Qd3 Bxc4 16. Rg4 Bxd3 17. Rxf4 Nxf4 0-1

[Event "AUTO-ADV-265"]
[Site "http://www.queenalice.com/game.php?id=113315"]
[Date "2006.10.5"]
[Round "1"]
[White "erickeek"]
[Black "Philippe"]
[Result "1-0"]
[WhiteElo "1821"]
[BlackElo "1469"]

1. e4 c6 2. d4 Nf6 3. e5 Ne4 4. Nc3 d5 5. Nxe4 dxe4 6. Be2 c5 7. dxc5 Qxd1+ 8.
Bxd1 h5 9. f3 Nc6 10. fxe4 Nxe5 11. Nf3 Nxf3+ 12. Bxf3 a5 13. Be3 h4 14. O-O-O
Ra6 15. Be2 Rc6 16. Bb5 Be6 17. Bxc6+ bxc6 18. a4 1-0

[Event "Let's Play Chess!"]
[Site "http://www.queenalice.com/game.php?id=113588"]
[Date "2006.10.5"]
[Round "-"]
[White "Philippe"]
[Black "Puffer"]
[Result "0-1"]
[WhiteElo "1542"]
[BlackElo "1846"]

1. c3 e5 2. Nf3 Nc6 3. Qb3 Nf6 4. Ng5 d5 5. e4 Nxe4 6. Nf3 Bc5 7. d3 Nxf2 8. Rg1
Nxd3+ 9. Kd1 Nxc1 10. Kxc1 e4 11. Rh1 exf3 12. gxf3 Qg5+ 13. Kd1 O-O 14. Qb5 Bb6
15. Bd3 Bf5 16. Qxd5 Rad8 17. h4 Rxd5 18. hxg5 Ne5 19. c4 Rxd3+ 20. Nd2 Nxf3 21.
Ke2 Re8+ 22. Kd1 Rxd2+ 23. Kc1 Rc2+ 24. Kd1 Rd8# 0-1

[Event "Challenge"]
[Site "http://www.queenalice.com/game.php?id=113772"]
[Date "2006.10.5"]
[Round "-"]
[White "Philippe"]
[Black "gustavline"]
[Result "0-1"]
[WhiteElo "1581"]
[BlackElo "1688"]

1. c3 c5 2. Nf3 Nc6 3. Qb3 Nf6 4. Ng5 e6 5. Na3 a6 6. Nc4 b5 7. Ne3 c4 8. Qc2
Bc5 9. h4 h6 10. Nf3 O-O 11. g4 Nh7 12. g5 hxg5 13. hxg5 g6 14. Rh6 Be7 15.
Rxg6+ fxg6 16. Qxg6+ Kh8 17. b3 Rg8 18. Qf7 Qf8 19. Qh5 Bxg5 20. Nxg5 Rxg5 21.
Qh4 d5 22. Nc2 e5 23. e3 Bf5 24. Ba3 Qg7 25. Bg2 Rxg2 26. Qh5 Rg1+ 27. Ke2 Bg4+
28. Qxg4 Qxg4+ 29. f3 Qg2# 0-1